000 00465nam a2200181Ia 4500
001 18822
005 20260306171659.0
008 260306s9999||||xx |||||||||||||| ||und||
041 _aESP
082 _a658.5
_bM96
100 _aMuñoz Negrón, David F.
_eAUT
245 0 _aAdministración de operaciones:
_benfoque de administración de procesos de negocios
260 _c2009
300 _a
_c
650 _aGEN
654 _aCAN
942 _cLIB
_dJUS
_fJUS
_2ddc
_n
999 _c18822
_d18822